Impact of work values on organisational commitment (Record no. 97579)

000 -LEADER
fixed length control field 00380pab a2200157 454500
008 - FIXED-LENGTH DATA ELEMENTS--GENERAL INFORMATION
fixed length control field 180718b2011 xxu||||| |||| 00| 0 eng d
100 ## - MAIN ENTRY--PERSONAL NAME
Personal name Luxmi
245 ## - TITLE STATEMENT
Title Impact of work values on organisational commitment
260 ## - PUBLICATION, DISTRIBUTION, ETC.
Date of publication, distribution, etc. 2011
300 ## - PHYSICAL DESCRIPTION
Extent p.1-21.
650 ## - SUBJECT ADDED ENTRY--TOPICAL TERM
Topical term or geographic name entry element Social values
700 ## - ADDED ENTRY--PERSONAL NAME
Personal name Yadav, Vibhuti
773 ## - HOST ITEM ENTRY
Main entry heading Management and Change
908 ## - PUT COMMAND PARAMETER (RLIN)
Put command parameter N
909 ## -
-- 97580
Holdings
Withdrawn status Lost status Damaged status Not for loan Permanent Location Current Location Date acquired Serial Enumeration / chronology Barcode Date last seen Price effective from Koha item type
        Indian Institute of Public Administration Indian Institute of Public Administration 2018-07-19 Volume no: 15, Issue no: 1-2 AR98040 2018-07-19 2018-07-19 Articles

Powered by Koha